000 00973nam a2200241 a 4500
001 38879
003 BD-RjUL
005 20211209052857.0
008 160424s2015 bg ||||| |||| 00| 0 ben d
020 _a9789849076469
_c: Tk. 250.00
035 _a(BD-RjUL) 38989
040 _aBD-RjUL
_bben
_cBD-RjUL
041 _aben
082 _223
_a891.448
_bRAH 2015
100 _aরহমান, মুহাম্মদ হাবিবুর
_9119949
245 1 0 _aহরেক রঙের মানুষ /
_cমুহাম্মদ হাবিবুর রহমান
260 _aঢাকা :
_bপ্রথমা প্রকাশন,
_c২০১৫
300 _a১৩৬ পৃ. ;
_c২২ সেমি.
500 _aস্মৃতিকথা ভ্রমণ গল্প কবিতা অনুবাদ সাক্ষাতকার
650 _aবাংলা সাহিত্য
_9119959
650 _aBengali Literature
_9119960
942 _2ddc
_cBK
999 _c38879
_d38879